| 000 | 00411nam a2200133Ia 4500 | ||
|---|---|---|---|
| 008 | 170516s9999 xx 000 0 und d | ||
| 245 | _aSuperparamagnetic Iron Oxide Nanoparticles as MRI contrast agents for Non-invasive Stem Cell Labeling and Tracking | ||
| 260 | _bTheranostics | ||
| 260 | _c2013 | ||
| 300 | _a3:8 | ||
| 650 | _xMedical Technology | ||
| 650 | _xMedtech | ||
| 856 | _uhttp://www.thno.org/v3i8 | ||
| 999 |
_c330789 _d330789 |
||